| 000 -LEADER |
| fixed length control field |
01011cam a22002657i 4500 |
| 001 - CONTROL NUMBER |
| control field |
20616775 |
| 005 - DATE AND TIME OF LATEST TRANSACTION |
| control field |
20221107162329.0 |
| 008 - FIXED-LENGTH DATA ELEMENTS--GENERAL INFORMATION |
| fixed length control field |
180803s20192019njua 001 0 eng d |
| 010 ## - LIBRARY OF CONGRESS CONTROL NUMBER |
| LC control number |
2018953965 |
| 020 ## - INTERNATIONAL STANDARD BOOK NUMBER |
| International Standard Book Number |
9780672338083x |
| 041 ## - LANGUAGE CODE |
| Language code of text/sound track or separate title |
eng |
| 080 ## - UNIVERSAL DECIMAL CLASSIFICATION NUMBER |
| Universal Decimal Classification number |
004.738.5 K-93 |
| 100 1# - MAIN ENTRY--PERSONAL NAME |
| Personal name |
Kyrnin, Jennifer, |
| 9 (RLIN) |
9420 |
| 245 10 - TITLE STATEMENT |
| Title |
Sams teach yourself HTML, CSS, and JavaScript all in one / |
| Statement of responsibility, etc. |
Jennifer Kyrnin, Julie Meloni. |
| 246 3# - VARYING FORM OF TITLE |
| Title proper/short title |
Teach yourself HTML, CSS, and JavaScript all in one |
| 246 30 - VARYING FORM OF TITLE |
| Title proper/short title |
HTML, CSS, and JavaScript all in one |
| 250 ## - EDITION STATEMENT |
| Edition statement |
Third edition. |
| 264 #4 - PRODUCTION, PUBLICATION, DISTRIBUTION, MANUFACTURE, AND COPYRIGHT NOTICE |
| Date of production, publication, distribution, manufacture, or copyright notice |
[Upper Saddle River, NJ] : |
| Place of production, publication, distribution, manufacture |
Pearson, |
| Name of producer, publisher, distributor, manufacturer |
[2019]. |
| 300 ## - PHYSICAL DESCRIPTION |
| Extent |
778 pages : |
| Other physical details |
illustrations ; |
| Dimensions |
24 cm. |
| 653 ## - INDEX TERM--UNCONTROLLED |
| keyword |
კომპიუტერული მეცნიერებანი |
| 653 ## - INDEX TERM--UNCONTROLLED |
| keyword |
პროგრამირების ენა |
| 653 ## - INDEX TERM--UNCONTROLLED |
| keyword |
კასკადური სტილის ცხრილები |
| 700 1# - ADDED ENTRY--PERSONAL NAME |
| Personal name |
Meloni, Julie C., |
| Relator term |
ავტორი |
| 9 (RLIN) |
9424 |
| 942 ## - ADDED ENTRY ELEMENTS (KOHA) |
| Source of classification or shelving scheme |
|
| Koha item type |
წიგნი |